Analýza vlastností antén pre systémy RFID.
Gespeichert in:
| 1. Verfasser: | |
|---|---|
| Weitere Verfasser: | |
| Format: | Manuskript Buch |
| Sprache: | Slowakisch |
| Veröffentlicht: |
Bratislava :
STU v Bratislave FEI,
2010
|
| Schlagworte: | |
| Online-Zugang: | VAIS |
| Tags: |
Keine Tags, Fügen Sie das erste Tag hinzu!
|
MARC
| LEADER | 00000ntm a22000003a 4500 | ||
|---|---|---|---|
| 001 | stu215240 | ||
| 005 | 20160526113641.9 | ||
| 008 | 101029s2010----xo------------------slo-d | ||
| 040 | |a STU |b slo | ||
| 041 | 0 | |a slo | |
| 044 | |a xo | ||
| 100 | 1 | |a Gablovský, Ján, |d 1987- |4 aut |u E |T FEI Fakulta elektrotechniky a informatiky |X 16498 |U E |Y 30 |7 A000016498 | |
| 242 | 0 | 0 | |a Analysis of RFID Antennas |y eng |
| 245 | 1 | |a Analýza vlastností antén pre systémy RFID. | |
| 260 | |a Bratislava : |b STU v Bratislave FEI, |c 2010 | ||
| 300 | |a 73 s | ||
| 650 | 7 | |a Rádioelektronika |2 stusub | |
| 650 | 7 | |a Radioelectronics |2 estusub | |
| 650 | 7 | |a RFID |2 stusub | |
| 650 | 7 | |a antény |2 stusub | |
| 700 | 1 | |a Podhoranský, Peter |4 ths |u E030 |U FEI Fakulta elektrotechniky a informatiky |T FEI Ústav elektroniky a fotoniky |X 1906 |U E030 |Y 549 |7 A000001906 | |
| 856 | 4 | |a info a plný text |u http://is.stuba.sk/zp/portal_zp.pl?podrobnosti=61406 |3 VAIS | |